SCOSSA #3 - Vero o False - Statistics

General Stats
  • This quiz has been taken 11 times
  • The average score is 7 of 11
Answers on the Grid
Answers color-coded by a green-red scale on the quiz's grid according to % correct below.
Il nome Politecnico di Milano è più antico della statua della libertà
Le squadre europee hanno vinto più FIFA World Cup del resto del mondo
Il monte più alto del Sistema Solare è su Venere
Un giorno su Venere è più lungo di un anno su Venere
Le meduse Turritopsis dohrnii sono praticamente immortali
Il portogallo è il paese con più rotonde pro-capite
La Sicilia è la regione più grande d'Italia
Cleopatra visse più vicina alla creazione dell’iPhone che alla costruzione delle piramidi
L'Australia ha perso due guerre con gli uccelli
Ci sono più granelli di sabbia che atomi nell'universo
L'esercito austriaco si è attaccato da solo
Ci sono più possibilità di combinazioni in una partita a scacchi che atomi nell’universo osservabile
Meryl Streep è la persona più nominata nella storia degli Oscar
Claudio Bisio ha recitato in un film premiato agli Oscar
Le anatre hanno un accento
Gli USA hanno proposto un emendamento per votare le dichiarazione di guerra
Lo Hobbit ha venduto più copie di Harry Potter e la Pietra Filosofale
Il Guinness dei Primati è prodotto dalla birreria Guinness
Stephen Hawking ha scoperto i buchi neri
L'acqua fredda si congela più velocemente di quella calda
 
Answer Stats
Answer % Correct
La Sicilia è la regione più grande d'Italia
100%
L'Australia ha perso due guerre con gli uccelli
100%
Le meduse Turritopsis dohrnii sono praticamente immortali
100%
L'esercito austriaco si è attaccato da solo
100%
Le squadre europee hanno vinto più FIFA World Cup del resto del mondo
100%
Un giorno su Venere è più lungo di un anno su Venere
100%
Cleopatra visse più vicina alla creazione dell’iPhone che alla costruzione delle piramidi
50%
Le anatre hanno un accento
50%
Claudio Bisio ha recitato in un film premiato agli Oscar
0%
Gli USA hanno proposto un emendamento per votare le dichiarazione di guerra
0%
Il Guinness dei Primati è prodotto dalla birreria Guinness
0%
No matching quizzes found
Score Distribution
Percent of People with Each Score
Percentile by Number Answered
Your Score History
You have not taken this quiz